Vowel-less TV Titles Quiz Stats

Quiz Updated Oct 31, 2012

Challenge
Share
Tweet
Embed
Score 0/40 Timer 06:00
0 Plays Today
Missing Vowels Title % Correct
dxtrDexter
96.8%
scrbsScrubs
95.9%
frndsFriends
95.3%
spngbbsqrpntsSpongeBob SquarePants
94.4%
thsmpsnsThe Simpsons
94.3%
lstLost
94.1%
sthprkSouth Park
94.1%
gldngrlsGolden Girls
93.7%
mshM*A*S*H
92.7%
gtsmrtGet Smart
91.1%
rrstddvlpmntArrested Development
90.5%
kngfthhllKing of the Hill
90.2%
hwmtyrmthrHow I Met Your Mother
87.4%
mrrdwthchldrnMarried... with Children
87.3%
brkngbdBreaking Bad
87.1%
dctrwhDoctor Who
87.1%
twnpksTwin Peaks
86.6%
hmmprvmntHome Improvement
85.8%
thwstwngThe West Wing
85.3%
bttlstrglctcBattlestar Galactica
84.3%
Missing Vowels Title % Correct
mdmnMad Men
84.1%
strtrkStar Trek
84.1%
thtwlghtznThe Twilight Zone
84.1%
mlclmnthmddlMalcolm in the Middle
81.5%
thxflsThe X-Files
79.9%
thgdwfThe Good Wife
79.7%
flghtfthcnchrdsFlight of the Conchords
77.7%
frsrFrasier
76.7%
frksndgksFreaks and Geeks
76.3%
chrsCheers
74.8%
thsprnsThe Sopranos
69.2%
sxftndrSix Feet Under
68.9%
jstshtmJust Shoot Me
63.7%
fllhsFull House
63.2%
kdsnthhllKids in the Hall
60.7%
txTaxi
59.2%
rvngRevenge
57.7%
ddwdDeadwood
56%
crbyrnthssmCurb Your Enthusiasm
55.3%
sprntrlSupernatural
45.8%

You're not logged in!

Compare scores with friends on all Sporcle quizzes.
Join for Free
OR
Log In

You Might Also Like...

Show Comments

Extras

Top Quizzes Today


Score Distribution

Your Account Isn't Verified!

In order to create a playlist on Sporcle, you need to verify the email address you used during registration. Go to your Sporcle Settings to finish the process.

Report this User

Report this user for behavior that violates our Community Guidelines.

Details: